000 01027nam a2200217Ia 4500
999 _c5250
_d5250
003 OSt
005 20200429134102.0
008 191128s1992 ck gr 000 0 spa d
040 _aCO-JMCR
_cCO-JMCR
041 0 _aspa
082 0 4 _a324.4 /
_bR628g
_223
100 1 _aRoa Suarez, Hernando,
_eautor
_91759
245 1 4 _aLos grupos de presión una aproximación :
_buna aproximación /
_cHernando Roa Suarez
260 _aBogotá :
_bESAP,
_c1992
300 _a69 páginas ;
_c24 cm.
504 _aBibliografía: páginas 61-69
505 0 _aConceptualizaciones fundamentales -- Formación y naturaleza -- Clasificaciones -- Eficacia -- Los grupos de presión y la política -- A propósito de los grupos de presión en Colombia
520 _aEs una aproximación encaminada a la comprensión de estos agentes de los procesos políticos que a través de consulta, negociación o subordinación, pueden contribuir eficazmente a organizar la participación.
650 1 4 _aGrupos de presión
_zColombia
_93662
942 _2ddc
_cBK